000 01009ngm a22003250a 4500
001 PT14849
003 AR-LpoUNG
005 20210202000013.0
007 vd cvaizq
008 191001s1977||||xxu|||||||||||||||||ita d
037 _c$16.63
040 _aAR-LpoUNG
_bspa
_cAR-LpoUNG
_eaacr
041 _aita
_aspa
044 _axxu
082 0 _a945.091 546v1
100 1 _aBertolucci, Bernardo
_edir.
245 1 0 _a1900 :
_bNovecento
260 _aNew York :
_bCBS FOX,
_c[1977].
300 _aVHS (151 min.) : son., col.
505 0 _aGuión: Franco Arcalli.
520 _aEsta primera parte relata todos los sucesos en Italia desde 1900 hasta después de la primera Guerra Mundial cuando Olmo vuelve del frente y comienza a luchar para ganar una mejor participación para los suyos en las cosechas.
650 4 _aITALIA
650 4 _aPROBLEMAS SOCIALES
650 4 _aSISTEMAS POLITICOS
650 4 _aSOCIEDAD
653 _aFASCISMO
653 _aVIDEOS
905 _a14849
942 _cVIDEO
999 _c53947
_d53947